000 01165nam a22002297a 4500
003 OSt
005 20160620105601.0
008 150407b2010 slv spa
040 _cBMC
082 _a372.7
100 1 _934708
_aGarcía Reyes, Héctor René
245 1 0 _aPlanificación didáctica de las unidades 3 de primer año y 6 de segundo año del programa de estudio de matemática de educación media
_b: Informe de proyecto de graduación
_cHéctor René García Reyes, Israel Reynaldo Rivera R., José Adolfo Ventura Castillo
260 _aIlobasco (El Salvador)
_bUniversidad Católica de El Salvador
_c[2010]
300 _a142 h.
_bil. col.
_c28 cm
500 _aPrecede al tít.: Universidad Católica de El Salvador, Centro Regional de Ilobasco
502 _aTrabajo de graduación para optar al grado académico de Licenciatura en Ciencias de la Educación especialidad en matemática.
650 2 4 _97302
_aMatemáticas
_xDidáctica
700 1 _934709
_aRivera R., Israel Reynaldo
700 1 _934710
_aVentura Castillo, José Adolfo
710 2 _91075
_aUniversidad Católica de El Salvador
_bFacultad de Ciencias y Humanidades
942 _2ddc
_cTG
999 _c21196
_d21196